| 000 | 00666nam a2200217Ia 4500 | ||
|---|---|---|---|
| 003 | GCL | ||
| 008 | 140319s9999 xx 000 0 ara d | ||
| 040 |
_aGCL / _cGCL |
||
| 082 | 0 | 4 |
_aد _b328.30962 _bو ا |
| 100 | 1 | _aالهيئة العامة للاستعلامات | |
| 245 | 1 | 0 |
_aالانتماء / _cالهيئة العامة للاستعلامات |
| 700 | 1 | _aوزارة الاعلام | |
| 260 |
_a[S.N] : _bالوطن العربى للنشر و التوزيع |
||
| 300 | _a30 ص | ||
| 490 |
_aافاق العصر _v0 |
||
| 650 | 0 | 4 | _aمصر |
| 650 | 0 | 4 | _aالاقتصاد |
| 650 | 0 | 4 | _aالسياسة |
| 650 | 0 | 4 | _aالاجتماع |
| 942 |
_2ddc _cCF |
||
| 999 |
_c27460 _d27460 |
||